Momentos de nuestra caricatura.
Salvato in:
| Natura: | Sconosciuto |
|---|---|
| Lingua: | Spanish |
| Pubblicazione: |
Ecuador :
Centro de Difusión Cultural San Sebastián,
1989.
|
| Soggetti: | |
| Tags: |
Aggiungi Tag
Nessun Tag, puoi essere il primo ad aggiungerne!!
|
MARC
| LEADER | 000000000a22000000004500 | ||
|---|---|---|---|
| 001 | 003706 | ||
| 041 | 0 | |a spa | |
| 082 | 0 | 4 | |a 741.59 |b M732m |
| 245 | 0 | 0 | |a Momentos de nuestra caricatura. |
| 260 | 1 | |a Ecuador : |b Centro de Difusión Cultural San Sebastián, |c 1989. | |
| 300 | |a 22 páginas | ||
| 650 | 4 | |a CARICATURAS | |
| 650 | 4 | |a HISTORIA | |
| 650 | 4 | |a ECUADOR | |
| 999 | |c 10173 |d 10173 | ||
| 942 | |c BK |h 741.59 M732m |2 z | ||
